000
00311 a2200145 4500
001
169017
020
_a
040
_c
Magnum
100
_a
Pimentel, Maria da Gloria
240
1
0
_a
O professor em construcao
_l
por
245
1
0
_a
O professor em construcao
362
0
_a
1899
697
_a
ENSINO
942
_c
BK
999
_c
169017
_d
169017